Mathematical Statistics with applications/ (Record no. 154651)

MARC details
000 -LEADER
fixed length control field 00869nam a22002417a 4500
005 - DATE AND TIME OF LATEST TRANSACTION
control field 20180723150045.0
010 ## - LCCN (DPL NO)
LC control number B-698567
020 ## - INTERNATIONAL STANDARD BOOK NUMBER
International Standard Book Number 9789332519053
Terms of availability 999.00
035 ## - SYSTEM CONTROL NUMBER
System control number B-698567
037 ## - SOURCE OF ACQUISITION
Source of stock number/acquisition RK. Books
082 ## - DEWEY DECIMAL CLASSIFICATION NUMBER
Edition number 8th, Edition
Classification number 510
100 ## - MAIN ENTRY--PERSONAL NAME
Personal name miller Irwin
245 ## - TITLE STATEMENT
Title Mathematical Statistics with applications/
Statement of responsibility, etc Irwin Miller
250 ## - EDITION STATEMENT
Edition statement 8th Edition
260 ## - PUBLICATION, DISTRIBUTION, ETC. (IMPRINT)
Place of publication, distribution, etc Utter pradesh (Noida)
Name of publisher, distributor, etc Pearson
Date of publication, distribution, etc 2017
270 ## - ADDRESS
Address A-8(A),sector-62
City Utter pradesh (Noida)
Postal code 201309
300 ## - PHYSICAL DESCRIPTION
Extent 472p.
Other physical details ill
Dimensions 25 c.m.(pbk)ill
490 ## - SERIES STATEMENT
Series statement John E. Freund's
500 ## - GENERAL NOTE
General note Statistical Tables,Index
700 ## - ADDED ENTRY--PERSONAL NAME
Personal name Miller Marylees/
942 ## - ADDED ENTRY ELEMENTS (KOHA)
Source of classification or shelving scheme Dewey Decimal Classification
Item type English Books
Edition 8th Edition
Classification part 510
Call number suffix MIL
Holdings
Withdrawn status Lost status Not for loan Home library Current library Date acquired Full call number Koha item type
      Central Library Central Library 23/07/2018 510 MIL English Books

© Delhi Public Library
Hit Counter
free hit counter